Statistics for Taylor Swift - Untouchable Lyrics

Click here to take the quiz!

General Stats

  • This quiz has been taken 61 times
    (58 since last reset)
  • The average score is 365 of 412

Answer Stats

Answer% Correct
a
100%
I
100%
the
100%
like
97%
this
97%
Untouchable
97%
untouchable
97%
You
97%
you
97%
your
97%
you're
97%
and
94%
And
94%
i'm
94%
I'm
94%
In
94%
in
94%
It's
94%
it's
94%
middle
94%
night
94%
of
94%
on
94%
stars
94%
to
94%
when
94%
be
91%
got
91%
little
91%
million
91%
than
91%
brighter
88%
burning
88%
Come
88%
come
88%
dream
88%
feel
88%
sun
88%
why
88%
coming
85%
just
85%
me
85%
name
85%
Oh
85%
oh
85%
out
85%
that
85%
together
85%
undone
85%
we'll
85%
heaven
82%
say
82%
taste
82%
up
82%
But
79%
can't
79%
caught
79%
close
79%
tell
79%
by
76%
my
76%
now
74%
Now
74%
diamond
71%
distant
71%
next
71%
sky
71%
spelling
71%
all
68%
day
68%
side
68%
standing
68%
here
65%
reaching
65%
wanna
65%
anyway
62%
know
62%
want
62%
won't
62%
wait
59%
you'd
56%
half
53%
full
50%
saying
47%
from
44%
They're
35%
waking
35%

Score Distribution

Percentile by Number Answered

Percent of People with Each Score

Your Score History

You have not taken this quiz since the last reset